Online
Catalog

Pedro : (Record no. 26515)

MARC details
000 -CABECERA
campo de control de longitud fija 00618nam a2200205 a 4500
001 - NÚMERO DE CONTROL
campo de control 000027023
005 - FECHA Y HORA DE LA ÚLTIMA TRANSACCIÓN
campo de control 20200930030543.0
008 - DATOS DE LONGITUD FIJA--INFORMACIÓN GENERAL
campo de control de longitud fija 110329s2000 xxua r 000 0 spa d
020 ## - NÚMERO INTERNACIONAL ESTÁNDAR DEL LIBRO
Número Internacional Estándar del Libro 0970101023
040 ## - FUENTE DE LA CATALOGACIÓN
Centro catalogador/agencia de origen DO-SdBNP
Lengua de catalogación spa
Centro/agencia transcriptor BNPHU
082 ## - NÚMERO DE LA CLASIFICACIÓN DECIMAL DEWEY
Número de clasificación xxxx
Número de documento/Ítem O99p
100 1# - ENTRADA PRINCIPAL--NOMBRE DE PERSONA
Nombre de persona Ozuna, Marcelino,
Fechas asociadas al nombre 1965-
9 (RLIN) 33502
245 10 - MENCIÓN DE TÍTULO
Título Pedro :
Resto del título ¡a exceso de velocidad! /
Mención de responsabilidad, etc. Marcelino Ozuna.
260 ## - PUBLICACIÓN, DISTRIBUCIÓN, ETC.
Lugar de publicación, distribución, etc. New Hampshire, Estados Unidos :
Nombre del editor, distribuidor, etc. Jumas,
Fecha de publicación, distribución, etc. 2000.
300 ## - DESCRIPCIÓN FÍSICA
Extensión xxi, 196 p. :
Otras características físicas il. ;
Dimensiones 18 cm.
490 1# - MENCIÓN DE SERIE
Mención de serie Biografía
500 ## - NOTA GENERAL
Nota general Incluye índice de nombres
590 ## - NOTA LOCAL (RLIN)
Nota local Inventariado, 2019/BT
830 #0 - PUNTO DE ACCESO ADICIONAL DE SERIE-TÍTULO UNIFORME
Título uniforme Biografía
9 (RLIN) 54122
Holdings
Estado de retiro Estado de pérdida Restricciones de uso No para préstamo Código de colección Localización permanente Ubicación/localización actual Ubicación en estantería Fecha de adquisición Número de inventario Total de préstamos Signatura topográfica completa Código de barras Fecha visto por última vez Número de copia Precio válido a partir de Tipo de ítem Koha
        Monografías: Libros y Folletos General General Depósito 13.06.2018 LF1   xxxx O99p 27023-30 25.06.2020 e.3 25.06.2020 Préstamo en sala
        Monografías: Libros y Folletos General General Depósito 17.03.2020 LF1   xxxx O99p 27023-40 25.06.2020 e.4 25.06.2020 Préstamo en sala
      Excluido de préstamo Monografías: Libros y Folletos Patrimonio Dominicano Patrimonio Dominicano Depósito 29.03.2011 LF1   xxxx O99p 27023-10 25.06.2020   25.06.2020 No se presta
      Excluido de préstamo Monografías: Libros y Folletos Patrimonio Dominicano Patrimonio Dominicano Depósito 07.06.2018 LF1   xxxx O99p 27023-20 25.06.2020 e.2 25.06.2020 No se presta

Powered by Koha